<?xml version="1.0" encoding="UTF-8"?>
<record
    xmlns:xsi="http://www.w3.org/2001/XMLSchema-instance"
    xsi:schemaLocation="http://www.loc.gov/MARC21/slim http://www.loc.gov/standards/marcxml/schema/MARC21slim.xsd"
    xmlns="http://www.loc.gov/MARC21/slim">

  <leader>02516nam a2200385 a 4500</leader>
  <controlfield tag="003">CHAP</controlfield>
  <controlfield tag="005">20230303121054.0</controlfield>
  <controlfield tag="007">ta</controlfield>
  <controlfield tag="008">230210s2018    sp ado|f |||| 001 0 spa d</controlfield>
  <datafield tag="020" ind1=" " ind2=" ">
    <subfield code="a">978-84-9181-013-1</subfield>
  </datafield>
  <datafield tag="040" ind1=" " ind2=" ">
    <subfield code="a">mxchpua</subfield>
    <subfield code="c">CHAP</subfield>
    <subfield code="e">rda</subfield>
  </datafield>
  <datafield tag="050" ind1="1" ind2="0">
    <subfield code="b">RA784</subfield>
    <subfield code="a">.G87 2018</subfield>
  </datafield>
  <datafield tag="082" ind1="0" ind2="0">
    <subfield code="2">20</subfield>
    <subfield code="a">613.7</subfield>
    <subfield code="b">G87 2018</subfield>
  </datafield>
  <datafield tag="100" ind1="1" ind2=" ">
    <subfield code="a">Gustafson, Niklas</subfield>
    <subfield code="9">186165</subfield>
  </datafield>
  <datafield tag="245" ind1="1" ind2="0">
    <subfield code="a">Cambia lo que comes y cambiar&#xE1;s el mundo :</subfield>
    <subfield code="b">the natural Athlete: m&#xE1;s all&#xE1; de la dieta Paleo /</subfield>
    <subfield code="c">Niklas Gustafson y Octavio Lagu&#xED;a ; colaboradores Oscar Matson...[y otros]</subfield>
  </datafield>
  <datafield tag="250" ind1=" " ind2=" ">
    <subfield code="a">1a edici&#xF3;n</subfield>
  </datafield>
  <datafield tag="264" ind1=" " ind2=" ">
    <subfield code="a">Madrid :</subfield>
    <subfield code="b">Alianza Editorial,</subfield>
    <subfield code="c">2018</subfield>
  </datafield>
  <datafield tag="300" ind1=" " ind2=" ">
    <subfield code="a">251 p&#xE1;ginas :</subfield>
    <subfield code="b">ilustraciones, gr&#xE1;ficas, diagramas, fotos</subfield>
  </datafield>
  <datafield tag="336" ind1=" " ind2=" ">
    <subfield code="2">rdacontent</subfield>
    <subfield code="a">texto</subfield>
    <subfield code="b">txt</subfield>
  </datafield>
  <datafield tag="337" ind1=" " ind2=" ">
    <subfield code="2">rdamedia</subfield>
    <subfield code="a">sin medio</subfield>
    <subfield code="b">n</subfield>
  </datafield>
  <datafield tag="338" ind1=" " ind2=" ">
    <subfield code="2">rdacarrier</subfield>
    <subfield code="a">volumen</subfield>
    <subfield code="b">nc</subfield>
  </datafield>
  <datafield tag="520" ind1="1" ind2=" ">
    <subfield code="a">NIKLAS GUSTAFSON, experto en Diet&#xE9;tica y Nutrici&#xF3;n Humana por la Universidad de C&#xE1;diz, ofrece un panorama completo de todos los aspectos relacionados con la alimentaci&#xF3;n: desde los intereses que patrocina la industria alimentaria, una de las m&#xE1;s importantes del mundo, a las desastrosas consecuencias de ingerir sin control carbohidratos y az&#xFA;cares refinados y las claves que nos permiten elegir los alimentos m&#xE1;s adecuados para nuestro cuerpo. Para poner en pr&#xE1;ctica esta revolucionaria manera de entender la alimentaci&#xF3;n, la segunda parte del libro ofrece un completo conjunto de recetas basadas en la Dieta Paleo, con alimentos m&#xE1;s nutritivos y beneficiosos para nuestro organismo.

Pero la propuesta de "Cambia lo que comes y cambiar&#xE1;s el mundo" no se detiene en la Dieta Paleo y sus principios. Este libro trata de nuestro cuerpo desde un punto de vista global. Nos recuerda la importancia del descanso, del contacto con la naturaleza, de volver a disfrutar de lo que nos rodea, de vivir de una manera responsable. En definitiva, nos plantea un cambio en nuestro estilo de vida para escuchar lo que nuestro cuerpo nos pide y actuar en consecuencia.</subfield>
  </datafield>
  <datafield tag="650" ind1="1" ind2="3">
    <subfield code="9">146880</subfield>
    <subfield code="a">Nutrici&#xF3;n &#xF3;ptima</subfield>
  </datafield>
  <datafield tag="650" ind1="1" ind2="3">
    <subfield code="9">161671</subfield>
    <subfield code="a">Alimentos saludables  </subfield>
  </datafield>
  <datafield tag="650" ind1="1" ind2="3">
    <subfield code="9">186168</subfield>
    <subfield code="a">Alimentaci&#xF3;n saludable</subfield>
  </datafield>
  <datafield tag="650" ind1="1" ind2="3">
    <subfield code="9">186170</subfield>
    <subfield code="a">H&#xE1;bitos alimenticios saludables</subfield>
  </datafield>
  <datafield tag="650" ind1="1" ind2="3">
    <subfield code="9">186300</subfield>
    <subfield code="a">Optimal nutrition</subfield>
  </datafield>
  <datafield tag="650" ind1="1" ind2="3">
    <subfield code="9">161673</subfield>
    <subfield code="a">Health foods</subfield>
  </datafield>
  <datafield tag="650" ind1="1" ind2="3">
    <subfield code="9">147888</subfield>
    <subfield code="a">Nutrition  </subfield>
  </datafield>
  <datafield tag="650" ind1="1" ind2="3">
    <subfield code="9">186169</subfield>
    <subfield code="a">Healthy diet</subfield>
  </datafield>
  <datafield tag="650" ind1="1" ind2="3">
    <subfield code="9">186171</subfield>
    <subfield code="a">Healthy eating habits</subfield>
  </datafield>
  <datafield tag="700" ind1="1" ind2=" ">
    <subfield code="9">186166</subfield>
    <subfield code="a">Lagu&#xED;a, Octavio</subfield>
    <subfield code="e">autor</subfield>
  </datafield>
  <datafield tag="700" ind1="1" ind2=" ">
    <subfield code="9">186167</subfield>
    <subfield code="a">Mattson, Oscar</subfield>
    <subfield code="e">colaborador</subfield>
  </datafield>
  <datafield tag="942" ind1=" " ind2=" ">
    <subfield code="2">ddc</subfield>
    <subfield code="c">Libro</subfield>
  </datafield>
  <datafield tag="999" ind1=" " ind2=" ">
    <subfield code="c">218315</subfield>
    <subfield code="d">218315</subfield>
  </datafield>
  <datafield tag="952" ind1=" " ind2=" ">
    <subfield code="0">0</subfield>
    <subfield code="1">0</subfield>
    <subfield code="2">ddc</subfield>
    <subfield code="4">0</subfield>
    <subfield code="5">1</subfield>
    <subfield code="7">0</subfield>
    <subfield code="8">GRAL</subfield>
    <subfield code="a">IA_</subfield>
    <subfield code="b">IA_</subfield>
    <subfield code="d">2022-11-23</subfield>
    <subfield code="e">Compra Gamma Cultural F. A-151</subfield>
    <subfield code="i">Consumo</subfield>
    <subfield code="l">0</subfield>
    <subfield code="o">613.7 G87 2018</subfield>
    <subfield code="p">1102014395</subfield>
    <subfield code="r">2023-02-10 00:00:00</subfield>
    <subfield code="t">Ej. 1</subfield>
    <subfield code="w">2023-02-10</subfield>
    <subfield code="y">LIBRO</subfield>
  </datafield>
  <datafield tag="952" ind1=" " ind2=" ">
    <subfield code="0">0</subfield>
    <subfield code="1">0</subfield>
    <subfield code="2">ddc</subfield>
    <subfield code="4">0</subfield>
    <subfield code="5">5</subfield>
    <subfield code="7">0</subfield>
    <subfield code="8">GRAL</subfield>
    <subfield code="a">IA_</subfield>
    <subfield code="b">IA_</subfield>
    <subfield code="d">2022-11-23</subfield>
    <subfield code="e">Compra Gamma Cultural F. A-151</subfield>
    <subfield code="i">Consumo</subfield>
    <subfield code="l">0</subfield>
    <subfield code="o">613.7 G87 2018</subfield>
    <subfield code="p">1102014396</subfield>
    <subfield code="r">2023-02-10 00:00:00</subfield>
    <subfield code="t">Ej. 2</subfield>
    <subfield code="w">2023-02-10</subfield>
    <subfield code="y">LIBRO</subfield>
  </datafield>
</record>
